Las enzimas en la nutrición animal /
Contenido: Introducción; Clasificación y propiedades de las enzimas; Producción y campos de aplicación; Los sustratos y sus propiedades; Objetivos de la utilización de enzimas y mecanismos de acción; Aplicación práctica de las enzimas en la nutrición animal; Las enzimas y el medio ambiente; Métodos...
Bewaard in:
| Hoofdauteur: | |
|---|---|
| Andere auteurs: | |
| Formaat: | Boek |
| Taal: | Spaans |
| Onderwerpen: | |
| Tags: |
Geen labels, Wees de eerste die dit record labelt!
|
MARC
| LEADER | 00000nam^a2200000^a^4500 | ||
|---|---|---|---|
| 001 | 000187880 | ||
| 005 | 20250521000000.0 | ||
| 009 | 20260310102317.628 | ||
| 020 | |a 3-9805645-2-5 | ||
| 037 | |a Acervo ITESO - Biblioteca | ||
| 041 | |a ESP | ||
| 082 | |a 636. 0877 |b SUP | ||
| 100 | |a Süphke, E. |e (coord.) | ||
| 245 | 1 | 4 | |a Las enzimas en la nutrición animal / |c Coord. de E. Süphke ; M. Bühler... [et al.]. |
| 264 | |a Bonn, Alemania : |b Arbeitsgemeinschaff für Wirkstoffe in der Tierernährung, |c 1998 | ||
| 300 | |a 47 p. | ||
| 336 | |a texto |b txt |2 rdacontenido | ||
| 337 | |a sin mediación |b n |2 rdamedio | ||
| 338 | |a volumen |b nc |2 rdasoporte | ||
| 520 | |a Contenido: Introducción; Clasificación y propiedades de las enzimas; Producción y campos de aplicación; Los sustratos y sus propiedades; Objetivos de la utilización de enzimas y mecanismos de acción; Aplicación práctica de las enzimas en la nutrición animal; Las enzimas y el medio ambiente; Métodos analíticos; Formas de aplicación, dosis y seguridad de los productos; Glosario. | ||
| 649 | |a XX | ||
| 650 | |a Enzimas - |x Tema Principal | ||
| 650 | |a Aditivos para Alimento Animal | ||
| 650 | |a Alimentos para Animales | ||
| 650 | |a Nutrición Animal - |x Tema Principal | ||
| 650 | |a Tecnología de Alimentos | ||
| 650 | |a Industria Agropecuaria | ||
| 700 | |a Bühler, M. |e (autor) | ||
| 910 | |a Fondo General | ||
| 920 | |a Impresos - Libros | ||
| 930 | |a Colección General | ||
| 905 | |a 101 | ||
| 901 | |a 0500130129 |b IT1 |c ACC |u 20250521 | ||
| 902 | |a https://opac.biblio.iteso.mx/vufind/Record/000187880 | ||